|
|
|
|
| LEADER |
00979cam a2200241 7i4500 |
| 001 |
0000095938 |
| 005 |
20140415090000.0 |
| 008 |
110802s2009 enk eng |
| 020 |
# |
0 |
|a 9781420075205
|
| 020 |
# |
0 |
|a 1420075209
|
| 090 |
0 |
0 |
|a HV 7921
|b .D3 2009
|
| 100 |
1 |
# |
|a Das, Dilip K.
|
| 245 |
1 |
0 |
|a Trends in policing :
|b interviews with police leaders across the globe
|c Dilip K. Das and Otwin Marenin.
|
| 260 |
# |
# |
|a Boca Raton:
|b CRC Press:
|b International Police Executive Symposium,
|c 2009.
|
| 300 |
# |
# |
|a xviii, 291 p.:
|b ill.;
|c 25 cm..
|
| 504 |
0 |
0 |
|a Includes bibliographical references and index
|
| 590 |
# |
# |
|a Pusat Pengajian Informatik dan Matematik Gunaan
|
| 650 |
0 |
0 |
|a Police administration --
|x Cross-cultural studies
|
| 650 |
0 |
0 |
|a Police-community relations --
|x Cross-cultural studies
|
| 650 |
0 |
0 |
|a Police chiefs --
|x Interviews
|
| 650 |
0 |
0 |
|a Police --
|x Cross-cultural studies
|
| 700 |
1 |
1 |
|a Marenin, Otwin
|
| 999 |
|
|
|a 1100081577
|b Book
|c Open Shelf
|e KOLEKSI TERBUKA
|